000 00349nam a2200145Ia 4500
008 240624s9999 xx 000 0 und d
041 _aeng
082 _a658.83 BUR
100 _aBURNS ALVIN C
245 _aMARKETING RESEARCH
250 _a(7th ed.)
260 _c2014
_aBoston
_bPearson
300 _axxix, : 459 : p. : cm. ; 25
365 _c
_b30
999 _c23487
_d23487